Report on the British Museum expedition to British Honduras, 1928 /

Bibliographic Details
Main Author: Joyce, Thomas Athol, 1878-1942
Format: Book
Language:English
Published: London : Royal Anthropological Institute of Great Britain and Ireland, [1928]
Subjects:

MARC

Tag First Indicator Second Indicator Subfields
LEADER 00000cam a22000007 4500
001 in00000034116
005 20151007055213.0
008 850403r19281928enkaf 00010 eng d
035 |a (OCoLC)11878881 
035 |9 AAB7566AM 
040 |a CLO  |c CLO  |d TXA  |d UtOrBLW 
049 |a TXAM  |c [A11650653] 
050 4 |a F1445  |b .J682 1928 
100 1 |a Joyce, Thomas Athol,  |d 1878-1942. 
245 1 0 |a Report on the British Museum expedition to British Honduras, 1928 /  |c by T.A. Joyce [and others]. 
264 1 |a London :  |b Royal Anthropological Institute of Great Britain and Ireland,  |c [1928] 
300 |a pages 323-350 pages, 11 unnumbered leaves of plates :  |b illustrations 
336 |a text  |b txt  |2 rdacontent 
337 |a unmediated  |b n  |2 rdamedia 
338 |a volume  |b nc  |2 rdacarrier 
500 |a Reprinted from the Journal of the Royal Anthropological Institute, volume 58, July-December, 1928. 
500 |a Cover title. 
651 0 |a Belize. 
740 0 |a British Museum expedition to British Honduras, 1928. 
999 |a MARS 
999 f f |s 514affb1-6fd4-317e-a72a-b82d54046ae9  |i 9703d4d8-a513-3c4a-986b-c5283dbb3a96  |t 0 
952 f f |p ric  |a Texas A&M University  |b Rellis Campus  |c Joint Library Facility  |d Remote Storage  |t 0  |e F1445 .J682 1928  |h Library of Congress classification  |i unmediated -- volume  |m A14811650653 
998 f f |a F1445 .J682 1928  |t 0  |l Remote Storage